000 00267pam a2200121 a 4500
020 _c
041 _aeng
100 _aWillard Merritt.
245 _aInstrumental Methods Of Analysis
_hTextual Documents
260 _aDelhi:
_bCBS.
300 _a1030p.
930 _a13727
999 _c90628
_d90628